| Tag |
First Indicator |
Second Indicator |
Subfields |
| LEADER |
00000cam a2200000 a 4500 |
| 001 |
in00001198913 |
| 005 |
20151002063820.0 |
| 007 |
hd afv---baca |
| 008 |
901030s1863 xx a 000 0 eng d |
| 035 |
|
|
|a (OCoLC)22606661
|
| 035 |
|
|
|9 AGJ8304AM
|
| 040 |
|
|
|a FEI
|c FEI
|d UtOrBLW
|
| 043 |
|
|
|a n-usu--
|
| 049 |
|
|
|a TXAI
|
| 090 |
|
|
|a E487
|b .C66 1974 reel 96 no. 3021
|
| 099 |
|
|
|a Film
|a B 1664
|a reel 96, no. 3021.
|
| 100 |
1 |
|
|a Moore, Samuel Preston,
|d 1813-1889.
|
| 245 |
1 |
0 |
|a [Letter from S.P. Moore, president of Confederate Association of Army and Navy Surgeons addressed to Middleton Michel].
|
| 264 |
|
1 |
|a [Richmond] :
|b [publisher not identified],
|c [1863]
|
| 300 |
|
|
|a 1 unnumbered leaf ;
|c 20 cm.
|
| 336 |
|
|
|a text
|b txt
|2 rdacontent
|
| 337 |
|
|
|a microform
|b h
|2 rdamedia
|
| 338 |
|
|
|a microfilm reel
|b hd
|2 rdacarrier
|
| 500 |
|
|
|a "Association of Army and Navy Surgeons, Richmond, 1863."
|
| 500 |
|
|
|a Title supplied by cataloger.
|
| 500 |
|
|
|a Signed at end: Sam'l P. Moore.
|
| 500 |
|
|
|a Filmed from the holdings of Emory University.
|
| 533 |
|
|
|a Microfilm.
|b New Haven, Conn. :
|c Research Publications,
|d [1974].
|e On reel 96 of 143 microfilm reels ; 35 mm.
|f (Confederate imprints, 1861-1865 ; reel 96, no. 3021).
|
| 539 |
|
|
|a s
|b 1974
|d ctu
|e n
|
| 500 |
|
|
|a Microform.
|
| 650 |
|
0 |
|a Shock
|z Confederate States of America.
|
| 650 |
|
0 |
|a Gunshot wounds.
|
| 650 |
|
0 |
|a Chloroform.
|
| 650 |
|
0 |
|a Mail surveys
|z Confederate States of America.
|
| 710 |
2 |
|
|a Confederate Association of Army and Navy Surgeons.
|
| 700 |
1 |
|
|a Michel, Middleton,
|d 1822-1894.
|
| 830 |
|
0 |
|a Confederate imprints, 1861-1865 ;
|v reel 96, no. 3021.
|
| 999 |
|
|
|a MARS
|
| 999 |
f |
f |
|s 0932aab0-5ddf-3cdf-94a5-9eb6e70aa6ab
|i 939112c4-89a8-32d0-84ff-1af76420a800
|t 0
|
| 952 |
f |
f |
|p default
|a Texas A&M University
|b College Station
|c Sterling C. Evans Library
|d Evans: Microforms (3rd floor)
|t 0
|e Film B 1664 reel 96, no. 3021.
|h Other scheme
|i microform -- microfilm reel
|
| 998 |
f |
f |
|a Film B 1664 reel 96, no. 3021.
|t 0
|l Evans: Microforms (3rd floor)
|